000
00173nam a2200073Ia 4500
008
170617s9999 xx 000 0 und d
100
_a
Yourgken- Herber W.
245
0
_a
Natural Drugs
260
_b
Pharma Book
999
_c
14788
_d
14788